000 00447nam a2200181Ia 4500
001 23371
005 20260414150932.0
008 260414t2011||||xx |||||||||||||| ||spa||
041 _aESP
082 _a629.892
_bR47
100 _aReyes Cortés, Fernando
_eAUT
245 0 _aRobótica :
_bcontrol de robots manipuladores
260 _c2011
300 _a557 páginas :
_c24 cm.
650 _aCNM
654 _aCCN
942 _cLIB
_dJUS
_fJUS
_2ddc
_n
999 _c23371
_d23371